[Event "Mittelfranken-chTB2a 1920"]
[Site "Mittelfranken"]
[Date "2020.02.16"]
[Round "6.1"]
[White "Kotitschke, Karlheinz"]
[Black "Ruderer, Alexander"]
[Result "1-0"]
[WhiteElo "1801"]
[BlackElo "1663"]
[PlyCount "98"]
[EventDate "2019.10.13"]
[EventType "team-tourn"]
[EventRounds "9"]
[EventCountry "GER"]
[SourceTitle "EXT 2023"]
[Source "ChessBase"]
[SourceDate "2022.10.05"]
[SourceVersion "1"]
[SourceVersionDate "2022.10.05"]
[SourceQuality "1"]
[WhiteTeam "Rothenburg II"]
[BlackTeam "Heideck/Hilpoltstein II"]
[WhiteTeamCountry "GER"]
[BlackTeamCountry "GER"]

1. d4 Nf6 2. Nc3 d5 3. Bf4 e6 4. e3 Be7 5. Nf3 0-0 6. Ne5 c5 7. Be2 Nc6 8. 0-0 Bd7 9. a3 Rc8 10. Bg3 cxd4 11. exd4 Qb6 12. Bh4 Rfd8 13. Na4 Qa5 14. c3 Nxe5 15. dxe5 Qxa4 16. Qxa4 Bxa4 17. exf6 Bxf6 18. Bxf6 gxf6 19. f4 d4 20. cxd4 Rxd4 21. Bf3 b6 22. Rac1 Rcc4 23. Rxc4 Rxc4 24. g3 Kf8 25. Bd1 Bxd1 26. Rxd1 Ke7 27. Rd2 e5 28. Kf2 exf4 29. Re2+ Kd6 30. g4 Kd5 31. Kf3 a5 32. h4 h6 33. Rd2+ Kc5 34. Rd8 Kb5 35. Rh8 Rc2 36. Rxh6 Rxb2 37. Rxf6 Rb3+ 38. Kxf4 Rxa3 39. Rxf7 Ra1 40. Ra7 a4 41. g5 a3 42. h5 a2 43. g6 Rf1+ 44. Kg5 a1Q 45. Rxa1 Rxa1 46. h6 Rg1+ 47. Kf6 Kc6 48. h7 Rh1 49. Kg7 b5 1-0

[Event "Mittelfranken-chTB2a 1920"]
[Site "Mittelfranken"]
[Date "2020.01.12"]
[Round "4.1"]
[White "Zuehlke, Burkhard"]
[Black "Kotitschke, Karlheinz"]
[Result "1-0"]
[WhiteElo "1924"]
[BlackElo "1801"]
[PlyCount "151"]
[EventDate "2019.10.13"]
[EventType "team-tourn"]
[EventRounds "9"]
[EventCountry "GER"]
[SourceTitle "EXT 2023"]
[Source "ChessBase"]
[SourceDate "2022.10.05"]
[SourceVersion "1"]
[SourceVersionDate "2022.10.05"]
[SourceQuality "1"]
[WhiteTeam "Fuerth SG II"]
[BlackTeam "Rothenburg II"]
[WhiteTeamCountry "GER"]
[BlackTeamCountry "GER"]

1. d4 g6 2. c4 Bg7 3. Nc3 c5 4. Nf3 cxd4 5. Nxd4 Nc6 6. e3 Nf6 7. Be2 0-0 8. 0-0 d6 9. Nb3 b6 10. e4 Bb7 11. Bf4 Rc8 12. f3 Nd7 13. Rc1 Nce5 14. Nb5 a6 15. N5d4 Nc5 16. Be3 Nc6 17. Nxc6 Bxc6 18. Nd4 Bd7 19. b3 Qc7 20. Qd2 Qb7 21. Rfd1 Rfd8 22. Qe1 Rc7 23. Qf2 Rb8 24. Nc2 Bb2 25. Rb1 Bf6 26. Nb4 Be6 27. Qf1 Kg7 28. Nc2 Bd7 29. Nd4 Ra8 30. Qe1 Rcc8 31. Qd2 Kg8 32. Bf1 Rd8 33. Ne2 Ne6 34. Nc3 Bc6 35. b4 Bxc3 36. Qxc3 Rdc8 37. Qd2 Ba4 38. Rdc1 b5 39. Bd3 bxc4 40. Bxc4 Bd7 41. Bd5 Bc6 42. Bb3 Qd7 43. a3 Ba4 44. Ba2 Rxc1+ 45. Rxc1 Rc8 46. Bd5 Rxc1+ 47. Qxc1 Qc7 48. Kf2 Qxc1 49. Bxc1 Kf8 50. Ke3 Ke8 51. Bb2 Nc7 52. Bc4 e6 53. g4 d5 54. Ba2 dxe4 55. fxe4 Bc2 56. Bc4 Ke7 57. e5 Nb5 58. Be2 Kd7 59. h4 Kc6 60. Bf3+ Kb6 61. Kf4 h6 62. Ke3 a5 63. Kd2 Bb3 64. Kd3 axb4 65. axb4 Nc7 66. Bc1 Nd5 67. Bxh6 Kb5 68. Bd2 Ne7 69. h5 gxh5 70. gxh5 Bc4+ 71. Ke3 Nf5+ 72. Kf4 Bd3 73. Kg5 Nd4 74. Bd1 Nc6 75. Kf6 Nd8 76. h6 1-0

[Event "Mittelfranken-chTB2a 1819"]
[Site "Mittelfranken"]
[Date "2019.02.10"]
[Round "5.1"]
[White "Planner, Joerg"]
[Black "Kotitschke, Karlheinz"]
[Result "1-0"]
[WhiteElo "2048"]
[BlackElo "1822"]
[PlyCount "81"]
[EventDate "2018.10.14"]
[EventType "team-tourn"]
[EventRounds "9"]
[EventCountry "GER"]
[SourceTitle "EXT 2022"]
[Source "ChessBase"]
[SourceDate "2021.10.06"]
[SourceVersion "1"]
[SourceVersionDate "2021.10.06"]
[SourceQuality "1"]
[WhiteTeam "Heilsbronn"]
[BlackTeam "Rothenburg II"]
[WhiteTeamCountry "GER"]
[BlackTeamCountry "GER"]

1. d4 g6 2. e4 Bg7 3. Nc3 c5 4. dxc5 Bxc3+ 5. bxc3 Qa5 6. Qd4 Nf6 7. Qb4 Qc7 8. Bh6 a5 9. Qd4 Nc6 10. Qa4 Qe5 11. Ne2 Qxe4 12. Qxe4 Nxe4 13. Be3 d6 14. cxd6 Nxd6 15. a4 0-0 16. Ng3 f5 17. f4 Be6 18. Bd3 Bc4 19. Bc5 Rfe8 20. Ne2 Bd5 21. 0-0 Rad8 22. Rab1 Ne4 23. Be3 Rd7 24. Rfd1 Nd6 25. h3 Red8 26. Bb6 Rc8 27. Kh2 e5 28. Bb5 Nxb5 29. axb5 Ne7 30. fxe5 Be6 31. Bxa5 Rxd1 32. Rxd1 Bc4 33. Nd4 Rc5 34. Re1 Kf7 35. Bb4 Rc8 36. Bd6 Nd5 37. g4 f4 38. e6+ Ke8 39. b6 Nxb6 40. Re4 g5 41. Nf5 1-0

[Event "Regionalliga Nord-Ost 1819"]
[Site "Bayern"]
[Date "2019.02.03"]
[Round "6.8"]
[White "Kotitschke, Karlheinz"]
[Black "Betz, Michael"]
[Result "1/2-1/2"]
[WhiteElo "1822"]
[BlackElo "1778"]
[PlyCount "52"]
[EventDate "2018.10.21"]
[EventType "team-tourn"]
[EventRounds "9"]
[EventCountry "GER"]
[SourceTitle "EXT 2022"]
[Source "ChessBase"]
[SourceDate "2021.10.06"]
[SourceVersion "1"]
[SourceVersionDate "2021.10.06"]
[SourceQuality "1"]
[WhiteTeam "Rothenburg"]
[BlackTeam "Windischeschenbach"]
[WhiteTeamCountry "GER"]
[BlackTeamCountry "GER"]

1. d4 d5 2. Bf4 Nf6 3. e3 c5 4. Nd2 Qb6 5. dxc5 Qxb2 6. Rb1 Qxa2 7. Bb5+ Nc6 8. Ngf3 a6 9. Bxc6+ bxc6 10. 0-0 Qa5 11. Nb3 Qd8 12. Ne5 Bd7 13. f3 e6 14. Qd4 Be7 15. g4 0-0 16. Rb2 a5 17. Rfb1 a4 18. Nc1 Qa5 19. Ncd3 Rfd8 20. Rb7 Ra7 21. Rxa7 Qxa7 22. Ra1 Ra8 23. Qb4 Ne8 24. Nxd7 Qxd7 25. Rxa4 Rxa4 26. Qxa4 f6 1/2-1/2

[Event "Oberursel Anderssen Memorial 1st"]
[Site "Oberursel"]
[Date "2018.09.03"]
[Round "3"]
[White "Kotitschke, Karlheinz"]
[Black "Klundt, Klaus"]
[Result "0-1"]
[WhiteElo "1975"]
[BlackElo "2307"]
[PlyCount "60"]
[EventDate "2018.09.01"]
[EventType "swiss"]
[EventRounds "7"]
[EventCountry "GER"]
[SourceTitle "CBM 186 Extra"]
[Source "ChessBase"]
[SourceDate "2018.08.24"]
[SourceVersion "1"]
[SourceVersionDate "2018.08.24"]
[SourceQuality "1"]

1. d4 Nf6 2. Bf4 c5 3. e3 e6 4. Nf3 d5 5. c3 Bd6 6. Bg3 0-0 7. Nbd2 b6 8. Ne5 Bb7 9. Bd3 Nc6 10. Nxc6 Bxc6 11. Bh4 e5 12. dxe5 Bxe5 13. Qc2 h6 14. f4 Bd6 15. 0-0 Re8 16. Rae1 c4 17. Bh7+ Kh8 18. e4 Be7 19. Bxf6 Bxf6 20. e5 Be7 21. Nf3 b5 22. Kh1 Bc5 23. e6 Rxe6 24. Rxe6 fxe6 25. Ne5 Be8 26. Rf3 Bd6 27. g4 Qh4 28. Kg2 Bxe5 29. fxe5 Qxg4+ 30. Kf2 Bh5 0-1

[Event "Mittelfranken-chTB2a 1718"]
[Site "Mittelfranken"]
[Date "2018.01.28"]
[Round "4.2"]
[White "Kotitschke, Karlheinz"]
[Black "Heimrath, Wolfgang"]
[Result "0-1"]
[WhiteElo "1776"]
[BlackElo "2120"]
[PlyCount "29"]
[EventDate "2017.10.08"]
[EventType "team-tourn"]
[EventRounds "9"]
[EventCountry "GER"]
[SourceTitle "EXT 2022"]
[Source "ChessBase"]
[SourceDate "2021.10.06"]
[SourceVersion "1"]
[SourceVersionDate "2021.10.06"]
[SourceQuality "1"]
[WhiteTeam "Rothenburg II"]
[BlackTeam "Fuerth SG"]
[WhiteTeamCountry "GER"]
[BlackTeamCountry "GER"]

1. d4 Nf6 2. Bf4 c5 3. e3 cxd4 4. exd4 Qb6 5. Nc3 a6 6. Bd3 Qxd4 7. Qf3 d5 8. 0-0-0 Qc5 9. Nge2 e6 10. g4 Nc6 11. g5 Nd7 12. Be3 Qa5 13. Bd2 Nde5 14. Qg3 d4 15. Nxd4 0-1

[Event "Rheinland Pfalz op Seniors 15th"]
[Site "Neustadt an der Weinstrasse"]
[Date "2017.07.21"]
[Round "7"]
[White "Bohne, Lutz"]
[Black "Kotitschke, Karlheinz"]
[Result "1/2-1/2"]
[WhiteElo "1917"]
[BlackElo "1937"]
[PlyCount "20"]
[EventDate "2017.07.15"]
[EventType "swiss"]
[EventRounds "9"]
[EventCountry "GER"]
[SourceTitle "EXT 2018"]
[Source "ChessBase"]
[SourceDate "2017.10.13"]
[SourceVersion "1"]
[SourceVersionDate "2017.10.13"]
[SourceQuality "1"]

1. d4 e6 2. c4 f5 3. Nf3 Nf6 4. Nc3 Bb4 5. Qb3 Qe7 6. Bg5 0-0 7. g3 b6 8. Bg2 Bb7 9. a3 Bxc3+ 10. Qxc3 d6 1/2-1/2

[Event "Rheinland Pfalz op Seniors 15th"]
[Site "Neustadt an der Weinstrasse"]
[Date "2017.07.19"]
[Round "5"]
[White "Titz, Waldemar"]
[Black "Kotitschke, Karlheinz"]
[Result "1/2-1/2"]
[WhiteElo "1728"]
[BlackElo "1937"]
[PlyCount "22"]
[EventDate "2017.07.15"]
[EventType "swiss"]
[EventRounds "9"]
[EventCountry "GER"]
[SourceTitle "EXT 2018"]
[Source "ChessBase"]
[SourceDate "2017.10.13"]
[SourceVersion "1"]
[SourceVersionDate "2017.10.13"]
[SourceQuality "1"]

1. e4 b6 2. d4 Bb7 3. Nc3 e6 4. Bd3 Nc6 5. Nge2 Nb4 6. Bc4 c5 7. d5 Bd6 8. 0-0 exd5 9. Nxd5 Nxd5 10. Bxd5 Bxd5 11. Qxd5 Qb8 1/2-1/2

[Event "Mittelfranken-chTB2a 1617"]
[Site "Mittelfranken"]
[Date "2017.03.05"]
[Round "7.2"]
[White "Kotitschke, Karlheinz"]
[Black "Krisin, Joachim"]
[Result "1-0"]
[WhiteElo "1799"]
[BlackElo "1813"]
[PlyCount "68"]
[EventDate "2016.10.23"]
[EventType "team-tourn"]
[EventRounds "9"]
[EventCountry "GER"]
[SourceTitle "EXT 2022"]
[Source "ChessBase"]
[SourceDate "2021.10.06"]
[SourceVersion "1"]
[SourceVersionDate "2021.10.06"]
[SourceQuality "1"]
[WhiteTeam "Rothenburg II"]
[BlackTeam "Erlangen Siemens"]
[WhiteTeamCountry "GER"]
[BlackTeamCountry "GER"]

1. f4 c5 2. Nf3 Nc6 3. g3 g6 4. Bg2 Bg7 5. 0-0 d6 6. d3 e6 7. e4 Nge7 8. c3 0-0 9. Be3 f5 10. Qe2 b6 11. Nbd2 Bd7 12. Rac1 Rc8 13. Nc4 Qc7 14. a4 a6 15. Kh1 b5 16. axb5 axb5 17. Na3 b4 18. Nb5 Qb8 19. c4 Na5 20. d4 Nb3 21. Rcd1 fxe4 22. Ng5 d5 23. Bh3 Qb6 24. dxc5 Qc6 25. Na7 Qa6 26. Nxc8 Rxc8 27. Nxe4 Nf5 28. Bxf5 exf5 29. Nd6 Rc7 30. Qd3 d4 31. Qxb3 dxe3 32. Qxe3 Bxb2 33. Kg1 Ba4 34. Qe6+ Kg7 1-0

[Event "Mittelfranken-chTB1 1617"]
[Site "Mittelfranken"]
[Date "2016.12.11"]
[Round "4.7"]
[White "Kotitschke, Karlheinz"]
[Black "Zach, Andreas"]
[Result "1/2-1/2"]
[WhiteElo "1799"]
[BlackElo "1819"]
[PlyCount "30"]
[EventDate "2016.10.23"]
[EventType "team-tourn"]
[EventRounds "9"]
[EventCountry "GER"]
[SourceTitle "EXT 2022"]
[Source "ChessBase"]
[SourceDate "2021.10.06"]
[SourceVersion "1"]
[SourceVersionDate "2021.10.06"]
[SourceQuality "1"]
[WhiteTeam "Rothenburg"]
[BlackTeam "Lauf SV"]
[WhiteTeamCountry "GER"]
[BlackTeamCountry "GER"]

1. d4 Nf6 2. Bg5 c5 3. d5 Qb6 4. Nc3 h6 5. Bd2 e5 6. e4 d6 7. Bb5+ Nbd7 8. Nge2 a6 9. Bd3 Qc7 10. Ng3 b5 11. 0-0 Nb6 12. Rc1 Be7 13. a3 0-0 14. f4 Bg4 15. Be2 Bxe2 1/2-1/2

[Event "Nuremberg Zabo op 18th"]
[Site "Nuremberg"]
[Date "2016.09.18"]
[Round "5"]
[White "Kotitschke, Karlheinz"]
[Black "Weissmann, Peter"]
[Result "1/2-1/2"]
[WhiteElo "1839"]
[BlackElo "1637"]
[PlyCount "38"]
[EventDate "2016.09.16"]
[EventType "swiss"]
[EventRounds "5"]
[EventCountry "GER"]
[SourceTitle "EXT 2018"]
[Source "ChessBase"]
[SourceDate "2017.10.13"]
[SourceVersion "1"]
[SourceVersionDate "2017.10.13"]
[SourceQuality "1"]

1. d4 Nf6 2. Bg5 d5 3. e3 Nbd7 4. Nd2 b6 5. Bd3 c5 6. c3 Bb7 7. f4 g6 8. Ngf3 Bg7 9. Ne5 0-0 10. Qf3 e6 11. g4 Qc7 12. h4 Ne8 13. Nxd7 Qxd7 14. h5 f5 15. 0-0-0 cxd4 16. exd4 Rc8 17. Kb1 Nd6 18. hxg6 hxg6 19. Rh2 Ne4 1/2-1/2

[Event "Pyramiden Franken Cup"]
[Site "Fuerth"]
[Date "2016.09.02"]
[Round "3"]
[White "Kotitschke, Karlheinz"]
[Black "Willim, Michael"]
[Result "0-1"]
[WhiteElo "1928"]
[BlackElo "2085"]
[PlyCount "90"]
[EventDate "2016.09.01"]
[EventType "swiss"]
[EventRounds "7"]
[EventCountry "GER"]
[SourceTitle "CBM 174 Extra"]
[Source "ChessBase"]
[SourceDate "2016.10.10"]
[SourceVersion "1"]
[SourceVersionDate "2016.10.10"]
[SourceQuality "1"]

1. d4 g6 2. Bg5 Bg7 3. f4 c5 4. e3 cxd4 5. exd4 Qb6 6. Nf3 Qxb2 7. Nbd2 Nc6 8. Rb1 Qxa2 9. Bc4 Qa5 10. Rb5 Qc7 11. c3 a6 12. Rb2 h6 13. Bh4 Qxf4 14. 0-0 Qe3+ 15. Kh1 Nf6 16. Qb3 d5 17. Bxf6 Bxf6 18. Bxd5 0-0 19. Nc4 Qd3 20. Re1 Qf5 21. Be4 Qh5 22. Qb6 Nd8 23. Nfe5 g5 24. d5 g4 25. Bd3 Bh4 26. Re3 Bg5 27. Ree2 Bf4 28. Qg1 b5 29. Nb6 Bb7 30. Nxa8 Bxa8 31. Nd7 Bxd5 32. Nxf8 Kxf8 33. Be4 Bc4 34. Rec2 f5 35. g3 Bd6 36. Qf2 e6 37. Rd2 Nf7 38. Bg2 Qg5 39. Rd1 Be5 40. Qd2 Qxd2 41. Rbxd2 Bxc3 42. Rd7 Ne5 43. Ra7 Nd3 44. Rxd3 Bxd3 45. Rxa6 b4 0-1

[Event "Pyramiden Franken Cup"]
[Site "Fuerth"]
[Date "2016.09.01"]
[Round "1"]
[White "Kotitschke, Karlheinz"]
[Black "Muckle, Julius"]
[Result "1-0"]
[WhiteElo "1928"]
[BlackElo "2196"]
[PlyCount "135"]
[EventDate "2016.09.01"]
[EventType "swiss"]
[EventRounds "7"]
[EventCountry "GER"]
[SourceTitle "CBM 174 Extra"]
[Source "ChessBase"]
[SourceDate "2016.10.10"]
[SourceVersion "1"]
[SourceVersionDate "2016.10.10"]
[SourceQuality "1"]

1. d4 d5 2. Bg5 h6 3. Bh4 c5 4. dxc5 Qa5+ 5. Nc3 e6 6. e4 Qb4 7. a3 Qxb2 8. Nb5 Qe5 9. Be2 Na6 10. exd5 Qxd5 11. Nd6+ Bxd6 12. Qxd5 exd5 13. cxd6 Nf6 14. Bxf6 gxf6 15. 0-0-0 Bf5 16. Bb5+ Kf8 17. Bd3 Be6 18. Bxa6 bxa6 19. Ne2 Rd8 20. Rd4 Rxd6 21. Rhd1 Kg7 22. Nf4 Rhd8 23. h3 f5 24. R1d3 Kf6 25. g3 Ke5 26. h4 Rc8 27. Ne2 Rdc6 28. Re3+ Kf6 29. c3 Rb8 30. Rb4 Rcb6 31. Nd4 a5 32. Rxb6 axb6 33. Rf3 Ke5 34. Nc6+ Kd6 35. Nxb8 Kc7 36. Na6+ Kb7 37. Nb4 axb4 38. axb4 Kc6 39. Rf4 Kd6 40. Kd2 Ke5 41. Ke3 Bd7 42. c4 Be6 43. c5 bxc5 44. bxc5 Bd7 45. Rb4 Bc6 46. f4+ Ke6 47. Rb6 Kd7 48. Rb8 h5 49. Rh8 d4+ 50. Kxd4 Bf3 51. Ke5 Kc6 52. Rc8+ Kd7 53. Rf8 Ke7 54. Rb8 Be4 55. Rb4 f6+ 56. Kd4 Kd7 57. Rb6 Bc6 58. Rxc6 Kxc6 59. Kc4 Kc7 60. Kd5 Kd7 61. c6+ Ke7 62. Kc5 Ke6 63. Kb6 Kd5 64. c7 Ke4 65. c8Q Kf3 66. Qc3+ Kg4 67. Kc5 Kh3 68. Kd5 1-0

[Event "Mittelfranken-ch QT"]
[Site "Nuremberg"]
[Date "2016.03.26"]
[Round "7"]
[White "Kotitschke, Karlheinz"]
[Black "Faralisz, Patrick"]
[Result "1/2-1/2"]
[WhiteElo "1802"]
[BlackElo "1675"]
[PlyCount "53"]
[EventDate "2016.03.23"]
[EventType "swiss"]
[EventRounds "7"]
[EventCountry "GER"]
[SourceTitle "EXT 2018"]
[Source "ChessBase"]
[SourceDate "2017.10.13"]
[SourceVersion "1"]
[SourceVersionDate "2017.10.13"]
[SourceQuality "1"]

1. d4 d5 2. Bg5 c6 3. e3 h6 4. Bh4 Qb6 5. Qc1 e5 6. c3 e4 7. c4 Nd7 8. c5 Qc7 9. Bg3 Qd8 10. Be2 Ngf6 11. Nd2 Be7 12. Qc2 0-0 13. f3 Re8 14. Nh3 Nf8 15. Nf2 Bf5 16. f4 Ne6 17. Qc3 b6 18. b4 a5 19. a3 bxc5 20. bxc5 Nd7 21. 0-0 Bf6 22. Qc2 Bh7 23. Ng4 Nxd4 24. Nxf6+ Qxf6 25. exd4 Qxd4+ 26. Kh1 e3 27. Nf3 1/2-1/2

[Event "Mittelfranken-ch QT"]
[Site "Nuremberg"]
[Date "2016.03.25"]
[Round "5"]
[White "Kotitschke, Karlheinz"]
[Black "Birkmann, Guenther"]
[Result "1/2-1/2"]
[WhiteElo "1802"]
[BlackElo "2010"]
[PlyCount "68"]
[EventDate "2016.03.23"]
[EventType "swiss"]
[EventRounds "7"]
[EventCountry "GER"]
[SourceTitle "EXT 2018"]
[Source "ChessBase"]
[SourceDate "2017.10.13"]
[SourceVersion "1"]
[SourceVersionDate "2017.10.13"]
[SourceQuality "1"]

1. d4 d5 2. e4 c6 3. exd5 cxd5 4. Bd3 Nc6 5. c3 Nf6 6. Bf4 Qb6 7. Qb3 Qxb3 8. axb3 Bd7 9. Nd2 e6 10. h3 Be7 11. Ngf3 0-0 12. 0-0 Rfc8 13. b4 b6 14. Ba6 Rf8 15. Bb7 Rae8 16. Bxc6 Bxc6 17. Rxa7 Nd7 18. Ne5 Nxe5 19. Bxe5 f6 20. Bc7 Rf7 21. Bxb6 Bd8 22. Bc5 Rxa7 23. Bxa7 e5 24. Re1 e4 25. Bc5 f5 26. f4 g5 27. Bd6 Bf6 28. g3 Ra8 29. Nf1 Kf7 30. Ne3 Ke6 31. Be5 Be7 32. Rf1 Bb5 33. Rf2 Ra1+ 34. Kg2 Re1 1/2-1/2

[Event "Mittelfranken-chTB2a 1516"]
[Site "Mittelfranken"]
[Date "2016.02.28"]
[Round "7.3"]
[White "Kotitschke, Karlheinz"]
[Black "Habermann, Manfred"]
[Result "1/2-1/2"]
[WhiteElo "1791"]
[BlackElo "1818"]
[PlyCount "81"]
[EventDate "2015.10.18"]
[EventType "team-tourn"]
[EventRounds "9"]
[EventCountry "GER"]
[SourceTitle "EXT 2020"]
[Source "ChessBase"]
[SourceDate "2019.10.17"]
[SourceVersion "1"]
[SourceVersionDate "2019.10.17"]
[SourceQuality "1"]
[WhiteTeam "Rothenburg II"]
[BlackTeam "Herzogenaurach III"]
[WhiteTeamCountry "GER"]
[BlackTeamCountry "GER"]

1. d4 d5 2. Bg5 h6 3. Bh4 c6 4. e3 Qb6 5. Qc1 e5 6. Nf3 e4 7. Nfd2 Ne7 8. c4 Nf5 9. c5 Qc7 10. Bg3 Nxg3 11. hxg3 Bg4 12. Nc3 Be7 13. Be2 Bxe2 14. Kxe2 Nd7 15. b4 0-0 16. a4 f5 17. Qc2 Nf6 18. Nb3 Kh7 19. Rh3 g6 20. Rah1 h5 21. Rb1 Kg7 22. b5 g5 23. b6 axb6 24. cxb6 Qd7 25. a5 Bd6 26. Na4 f4 27. gxf4 gxf4 28. Rhh1 Qg4+ 29. Kd2 Bb4+ 30. Kc1 Qxg2 31. Kb2 Kh6 32. Rbg1 Qf3 33. Nac5 fxe3 34. fxe3 Bxc5 35. Qxc5 Qe2+ 36. Kb1 Qxe3 37. Qe7 Qxb3+ 38. Kc1 Qc3+ 39. Kb1 Qd3+ 40. Kc1 Qe3+ 41. Kb1 1/2-1/2

[Event "Mittelfranken-chTB2a 1516"]
[Site "Mittelfranken"]
[Date "2016.01.24"]
[Round "5.3"]
[White "Kotitschke, Karlheinz"]
[Black "Lange, Carsten"]
[Result "1-0"]
[WhiteElo "1791"]
[BlackElo "1894"]
[PlyCount "115"]
[EventDate "2015.10.18"]
[EventType "team-tourn"]
[EventRounds "9"]
[EventCountry "GER"]
[SourceTitle "EXT 2020"]
[Source "ChessBase"]
[SourceDate "2019.10.17"]
[SourceVersion "1"]
[SourceVersionDate "2019.10.17"]
[SourceQuality "1"]
[WhiteTeam "Rothenburg II"]
[BlackTeam "Zirndorf II"]
[WhiteTeamCountry "GER"]
[BlackTeamCountry "GER"]

1. d4 Nf6 2. Bg5 Ne4 3. Bf4 c5 4. d5 Qa5+ 5. Nd2 e6 6. c3 exd5 7. Nb3 Qb6 8. Qxd5 Qe6 9. Rd1 Nf6 10. Qxe6+ fxe6 11. g3 Nc6 12. Bg2 d5 13. Nf3 Be7 14. 0-0 0-0 15. Ne5 a5 16. Nxc6 bxc6 17. Rfe1 a4 18. Nd2 h6 19. e4 g5 20. Be3 Rb8 21. b3 axb3 22. Nxb3 Ng4 23. Bxc5 Bxc5 24. Nxc5 Nxf2 25. Rb1 Ra8 26. Rb2 Ng4 27. h3 Nf6 28. e5 Nd7 29. Nxe6 Re8 30. Nc7 Ba6 31. Nxa8 Rxa8 32. Bf1 Bxf1 33. Kxf1 Nc5 34. Re3 Ne4 35. c4 Kf7 36. cxd5 cxd5 37. a3 Ke6 38. Rb5 Kxe5 39. Ke2 Rc8 40. Kf3 Rf8+ 41. Ke2 Rf2+ 42. Ke1 Rc2 43. Kd1 Rc6 44. Rbb3 Rc5 45. g4 d4 46. Rf3 Nc3+ 47. Rbxc3 Rxc3 48. Rxc3 dxc3 49. a4 Kd5 50. Kc2 Kc4 51. a5 Kb5 52. Kxc3 Kxa5 53. Kd4 Kb6 54. Ke5 Kc6 55. Ke6 Kc7 56. Kf7 Kd7 57. Kg6 Ke6 58. Kxh6 1-0

[Event "Mittelfranken-chTB2a 1516"]
[Site "Mittelfranken"]
[Date "2015.12.06"]
[Round "4.3"]
[White "Mueller, Maximilian"]
[Black "Kotitschke, Karlheinz"]
[Result "1-0"]
[WhiteElo "1833"]
[BlackElo "1791"]
[PlyCount "77"]
[EventDate "2015.10.18"]
[EventType "team-tourn"]
[EventRounds "9"]
[EventCountry "GER"]
[SourceTitle "EXT 2020"]
[Source "ChessBase"]
[SourceDate "2019.10.17"]
[SourceVersion "1"]
[SourceVersionDate "2019.10.17"]
[SourceQuality "1"]
[WhiteTeam "Buechenbach/Roth II"]
[BlackTeam "Rothenburg II"]
[WhiteTeamCountry "GER"]
[BlackTeamCountry "GER"]

1. e4 e6 2. Nc3 d5 3. d4 dxe4 4. Nxe4 Bd7 5. Nf3 Bc6 6. Bd3 Nd7 7. 0-0 Ngf6 8. Nxf6+ Qxf6 9. Bg5 Bxf3 10. Qd2 Qxd4 11. gxf3 Be7 12. Be3 Qf6 13. Be4 0-0-0 14. Qa5 a6 15. f4 Bd6 16. Qg5 h6 17. Qg4 Rdg8 18. Qf3 g5 19. Bxb7+ Kd8 20. f5 g4 21. Qg2 Ne5 22. Rfd1 Nf3+ 23. Kf1 Qxf5 24. c4 Ke7 25. Bxa6 Nxh2+ 26. Ke2 Nf3 27. Rac1 c6 28. c5 Be5 29. b3 Ra8 30. Bd3 Rxa2+ 31. Kf1 Qh5 32. Be4 f5 33. Bxc6 f4 34. Rd7+ Kf6 35. Bxf4 Bxf4 36. Bxf3 Bxc1 37. Bxg4 Qg6 38. Qf3+ Kg5 39. Qc3 1-0